|
|
|
|
| LEADER |
00000nam0a2200000 4500 |
| 001 |
328183 |
| 005 |
20250217143853.0 |
| 035 |
|
|
|a (RuTPU)RU\TPU\book\353883
|
| 090 |
|
|
|a 328183
|
| 100 |
|
|
|a 20170213d1936 m y0rusy50 ca
|
| 101 |
0 |
|
|a rus
|
| 102 |
|
|
|a RU
|
| 105 |
|
|
|a a z 000zy
|
| 200 |
1 |
|
|a Певец: стихотворение А. Пушкина (для голоса с фортепьяно)
|f А. Г. Рубинштейн
|
| 210 |
|
|
|a Москва
|c Музгиз
|d 1936
|
| 215 |
|
|
|a 5 с.
|c ноты
|
| 606 |
|
|
|a Фортепианная музыка
|7 ca
|8 rus
|2 stltpush
|3 (RuTPU)RU\TPU\subj\64145
|9 81067
|
| 610 |
1 |
|
|a песенная лирика
|
| 610 |
1 |
|
|a исполнение
|
| 610 |
1 |
|
|a фортепиано
|
| 675 |
|
|
|a 786
|v 4
|
| 700 |
|
1 |
|a Рубинштейн
|b А. Г.
|g Антон Григорьевич
|
| 801 |
|
1 |
|a RU
|b 63413507
|c 20170213
|
| 801 |
|
2 |
|a RU
|b 63413507
|c 20200908
|g RCR
|
| 942 |
|
|
|c BK
|